Comprensión de la sociedad: 6§ año básico. Guía didáctica para el profesor
Gespeichert in:
| Hauptverfasser: | , , , |
|---|---|
| Format: | Buch |
| Sprache: | Spanisch |
| Veröffentlicht: |
Santiago
McGraw-Hill Interamericana
2001
|
| Ausgabe: | 1a. ed |
| Schlagworte: | |
| Tags: |
Tag hinzufügen
Keine Tags, Fügen Sie den ersten Tag hinzu!
|
MARC
| LEADER | 00000nam a2200000 a 4500 | ||
|---|---|---|---|
| 001 | UCK6298 | ||
| 003 | CL-VaPUC | ||
| 008 | 050916e20010000CL |||||||||||||||||spa|d | ||
| 020 | |a 9562781380 | ||
| 082 | 0 | 4 | |a 372.83 |b MAT |2 21 |
| 100 | |a Matte Lira, Verónica |e autora |9 495585 | ||
| 700 | |a Krebs Kaulen, Andrea |e author |9 495419 | ||
| 700 | 0 | |a Sepúlveda, Eduardo |e author |9 495420 | |
| 700 | 0 | |a Silva, Victoria |e author |9 495421 | |
| 245 | 1 | 0 | |a Comprensión de la sociedad: 6§ año básico. Guía didáctica para el profesor |
| 250 | |a 1a. ed | ||
| 300 | |a 64 p | ||
| 942 | |c BK | ||
| 945 | |d 20050916 00:00:00 |a cmena | ||
| 260 | |a Santiago |b McGraw-Hill Interamericana |c 2001 | ||
| 650 | 0 | |a Educación básica |9 224933 | |
| 650 | 0 | |a Métodos de enseñanza |9 270413 | |
| 650 | 0 | |a Libros de texto |9 270019 | |
| 650 | 0 | |a Enseñanza de la geografía |9 310005 | |
| 650 | 0 | |a Enseñanza de la historia |9 307330 | |
| 583 | |a last modification |c 20150417 16:47:33 |k Rodrigo Vera | ||
| 999 | |c 314596 |d 314594 | ||
| 952 | |0 0 |1 0 |4 0 |6 372_830000000000000_MAT_2001 |7 0 |8 P |9 387070 |a BIBEDU |b BIBEDU |c BIBEDU_PB |d 2019-11-22 |i 4167759 |o 372.83 MAT 2001 |p 4167759 |r 2024-01-25 |w 2019-11-22 |y BK |k EBA | ||
| 952 | |0 0 |1 0 |4 0 |6 372_830000000000000_MAT_2001 |7 0 |8 P |9 387071 |a BIBEDU |b BIBEDU |c BIBEDU_PB |d 2019-11-22 |i 4167805 |o 372.83 MAT 2001 |p 4167805 |r 2024-01-25 |w 2019-11-22 |y BK |k EBA | ||
| 952 | |0 0 |1 0 |4 0 |6 372_830000000000000_MAT_2001 |7 0 |8 P |9 387072 |a BIBEDU |b BIBEDU |d 2019-11-22 |i 4167813 |o 372.83 MAT 2001 |p 4167813 |r 2019-11-22 |w 2019-11-22 |y BK |k EBA | ||
| 952 | |0 0 |1 0 |4 0 |6 372_830000000000000_MAT_2001 |7 0 |8 P |9 387073 |a BIBEDU |b BIBEDU |d 2019-11-22 |i 416783K |o 372.83 MAT 2001 |p 416783K |r 2019-11-22 |w 2019-11-22 |y BK |k EBA | ||
| 952 | |0 0 |1 0 |4 0 |6 372_830000000000000_MAT_2001 |7 0 |8 P |9 387074 |a BIBEDU |b BIBEDU |d 2019-11-22 |i 4167848 |o 372.83 MAT 2001 |p 4167848 |r 2019-11-22 |w 2019-11-22 |y BK |k EBA | ||
| 952 | |0 0 |1 0 |4 0 |6 372_830000000000000_MAT_2001 |7 0 |8 A |9 387075 |a BIBHIS |b BIBHIS |d 2019-11-22 |i 4170164 |o 372.83 MAT 2001 |p 4170164 |r 2025-01-20 |w 2019-11-22 |y BK |k HIS | ||
| 952 | |0 0 |1 0 |4 0 |6 372_830000000000000_MAT_2001 |7 0 |8 A |9 387076 |a BIBHIS |b BIBHIS |d 2019-11-22 |i 4170172 |o 372.83 MAT 2001 |p 4170172 |r 2025-01-20 |w 2019-11-22 |y BK |k HIS | ||
| 952 | |0 0 |1 0 |4 0 |6 372_830000000000000_MAT_2001 |7 0 |8 A |9 387077 |a BIBHIS |b BIBHIS |d 2019-11-22 |i 4170180 |o 372.83 MAT 2001 |p 4170180 |r 2025-01-20 |w 2019-11-22 |y BK |k HIS | ||
| 952 | |0 0 |1 0 |4 0 |6 372_830000000000000_MAT_2001 |7 0 |8 A |9 387078 |a BIBHIS |b BIBHIS |d 2019-11-22 |i 4170199 |o 372.83 MAT 2001 |p 4170199 |r 2025-01-20 |w 2019-11-22 |y BK |k HIS | ||
| 952 | |0 0 |1 0 |4 0 |6 372_830000000000000_MAT_2001 |7 0 |8 A |9 387079 |a BIBHIS |b BIBHIS |d 2019-11-22 |i 4170202 |o 372.83 MAT 2001 |p 4170202 |r 2025-01-20 |w 2019-11-22 |y BK |k HIS | ||
| 952 | |0 0 |1 0 |4 0 |6 372_830000000000000_MAT_2001 |7 0 |8 A |9 387080 |a BIBHIS |b BIBHIS |d 2019-11-22 |i 4170210 |o 372.83 MAT 2001 |p 4170210 |r 2025-01-20 |w 2019-11-22 |y BK |k HIS | ||
| 952 | |0 0 |1 0 |4 0 |6 372_830000000000000_MAT_2001 |7 0 |8 A |9 387081 |a BIBHIS |b BIBHIS |d 2019-11-22 |i 4170229 |o 372.83 MAT 2001 |p 4170229 |r 2025-01-20 |w 2019-11-22 |y BK |k HIS | ||
| 952 | |0 0 |1 0 |4 0 |6 372_830000000000000_MAT_2001 |7 0 |8 A |9 387082 |a BIBHIS |b BIBHIS |d 2019-11-22 |i 4170237 |o 372.83 MAT 2001 |p 4170237 |r 2025-01-20 |w 2019-11-22 |y BK |k HIS | ||
| 952 | |0 0 |1 0 |4 0 |6 372_830000000000000_MAT_2001 |7 0 |8 A |9 387083 |a BIBHIS |b BIBHIS |d 2019-11-22 |i 4170245 |o 372.83 MAT 2001 |p 4170245 |r 2025-01-20 |w 2019-11-22 |y BK |k HIS | ||
| 952 | |0 0 |1 0 |4 0 |6 372_830000000000000_MAT_2001 |7 0 |8 A |9 387084 |a BIBHIS |b BIBHIS |d 2019-11-22 |i 4170253 |o 372.83 MAT 2001 |p 4170253 |r 2025-01-20 |w 2019-11-22 |y BK |k HIS | ||
| 952 | |0 0 |1 0 |4 0 |6 372_830000000000000_MAT_2001 |7 0 |8 A |9 387085 |a BIBHIS |b BIBHIS |d 2019-11-22 |i 4170261 |o 372.83 MAT 2001 |p 4170261 |r 2025-01-20 |w 2019-11-22 |y BK |k HIS | ||
| 952 | |0 0 |1 0 |4 0 |6 372_830000000000000_MAT_2001 |7 0 |8 A |9 387086 |a BIBHIS |b BIBHIS |d 2019-11-22 |i 417027K |o 372.83 MAT 2001 |p 417027K |r 2025-01-20 |w 2019-11-22 |y BK |k HIS | ||
| 952 | |0 0 |1 0 |4 0 |6 372_830000000000000_MAT_2001 |7 0 |8 A |9 387087 |a BIBHIS |b BIBHIS |d 2019-11-22 |i 4170288 |o 372.83 MAT 2001 |p 4170288 |r 2025-01-20 |w 2019-11-22 |y BK |k HIS | ||
| 952 | |0 0 |1 0 |4 0 |6 372_830000000000000_MAT_2001 |7 0 |8 A |9 387088 |a BIBHIS |b BIBHIS |d 2019-11-22 |i 4170296 |o 372.83 MAT 2001 |p 4170296 |r 2025-01-20 |w 2019-11-22 |y BK |k HIS | ||
| 952 | |0 0 |1 0 |4 0 |6 372_830000000000000_MAT_2001 |7 0 |8 A |9 387089 |a BIBHIS |b BIBHIS |d 2019-11-22 |i 417030K |o 372.83 MAT 2001 |p 417030K |r 2025-01-20 |w 2019-11-22 |y BK |k HIS | ||
| 952 | |0 0 |1 0 |4 0 |6 372_830000000000000_MAT_2001 |7 0 |8 A |9 387090 |a BIBHIS |b BIBHIS |d 2019-11-22 |i 4170318 |o 372.83 MAT 2001 |p 4170318 |r 2025-01-20 |w 2019-11-22 |y BK |k HIS | ||
| 952 | |0 0 |1 0 |4 0 |6 372_830000000000000_MAT_2001 |7 0 |8 A |9 387091 |a BIBHIS |b BIBHIS |d 2019-11-22 |i 4170326 |o 372.83 MAT 2001 |p 4170326 |r 2025-01-20 |w 2019-11-22 |y BK |k HIS | ||
| 952 | |0 0 |1 0 |4 0 |6 372_830000000000000_MAT_2001 |7 0 |8 A |9 387092 |a BIBHIS |b BIBHIS |d 2019-11-22 |i 4170334 |o 372.83 MAT 2001 |p 4170334 |r 2025-01-20 |w 2019-11-22 |y BK |k HIS | ||
| 952 | |0 0 |1 0 |4 0 |6 372_830000000000000_MAT_2001 |7 0 |8 A |9 387093 |a BIBHIS |b BIBHIS |d 2019-11-22 |i 4170342 |o 372.83 MAT 2001 |p 4170342 |r 2025-01-20 |w 2019-11-22 |y BK |k HIS | ||
| 952 | |0 0 |1 0 |4 0 |6 372_830000000000000_MAT_2001 |7 0 |8 A |9 387094 |a BIBHIS |b BIBHIS |d 2019-11-22 |i 4170350 |o 372.83 MAT 2001 |p 4170350 |r 2025-01-20 |w 2019-11-22 |y BK |k HIS | ||
| 952 | |0 0 |1 0 |4 0 |6 372_830000000000000_MAT_2001 |7 0 |8 A |9 387095 |a BIBHIS |b BIBHIS |d 2019-11-22 |i 4170369 |o 372.83 MAT 2001 |p 4170369 |r 2025-01-20 |w 2019-11-22 |y BK |k HIS | ||
| 952 | |0 0 |1 0 |4 0 |6 372_830000000000000_MAT_2001 |7 0 |8 A |9 387096 |a BIBHIS |b BIBHIS |d 2019-11-22 |i 4170377 |o 372.83 MAT 2001 |p 4170377 |r 2025-01-20 |w 2019-11-22 |y BK |k HIS | ||
| 952 | |0 0 |1 0 |4 0 |6 372_830000000000000_MAT_2001 |7 0 |8 A |9 387097 |a BIBHIS |b BIBHIS |d 2019-11-22 |i 4170385 |o 372.83 MAT 2001 |p 4170385 |r 2025-01-20 |w 2019-11-22 |y BK |k HIS | ||
| 952 | |0 0 |1 0 |4 0 |6 372_830000000000000_MAT_2001 |7 0 |8 A |9 387098 |a BIBHIS |b BIBHIS |d 2019-11-22 |i 4170393 |o 372.83 MAT 2001 |p 4170393 |r 2025-01-20 |w 2019-11-22 |y BK |k HIS | ||
| 952 | |0 0 |1 0 |4 0 |6 372_830000000000000_MAT_2001 |7 0 |8 A |9 387099 |a BIBHIS |b BIBHIS |d 2019-11-22 |i 4170407 |o 372.83 MAT 2001 |p 4170407 |r 2025-01-20 |w 2019-11-22 |y BK |k HIS | ||
| 952 | |0 0 |1 0 |4 0 |6 372_830000000000000_MAT_2001 |7 0 |8 A |9 387100 |a BIBHIS |b BIBHIS |d 2019-11-22 |i 4170415 |o 372.83 MAT 2001 |p 4170415 |r 2025-01-20 |w 2019-11-22 |y BK |k HIS | ||
| 952 | |0 0 |1 0 |4 0 |6 372_830000000000000_MAT_2001 |7 0 |8 A |9 387101 |a BIBHIS |b BIBHIS |d 2019-11-22 |i 4170423 |o 372.83 MAT 2001 |p 4170423 |r 2025-01-20 |w 2019-11-22 |y BK |k HIS | ||
| 952 | |0 0 |1 0 |4 0 |6 372_830000000000000_MAT_2001 |7 0 |8 A |9 387102 |a BIBHIS |b BIBHIS |d 2019-11-22 |i 4170431 |o 372.83 MAT 2001 |p 4170431 |r 2025-01-20 |w 2019-11-22 |y BK |k HIS | ||
| 952 | |0 0 |1 0 |4 0 |6 372_830000000000000_MAT_2001 |7 0 |8 A |9 387103 |a BIBHIS |b BIBHIS |d 2019-11-22 |i 417044K |o 372.83 MAT 2001 |p 417044K |r 2025-01-20 |w 2019-11-22 |y BK |k HIS | ||
| 952 | |0 0 |1 0 |4 0 |6 372_830000000000000_MAT_2001 |7 0 |8 A |9 387104 |a BIBHIS |b BIBHIS |d 2019-11-22 |i 4170458 |o 372.83 MAT 2001 |p 4170458 |r 2025-01-20 |w 2019-11-22 |y BK |k HIS | ||
| 952 | |0 0 |1 0 |4 0 |6 372_830000000000000_MAT_2001 |7 0 |8 A |9 387105 |a BIBHIS |b BIBHIS |d 2019-11-22 |i 4170466 |o 372.83 MAT 2001 |p 4170466 |r 2025-01-20 |w 2019-11-22 |y BK |k HIS | ||
| 952 | |0 0 |1 0 |4 0 |6 372_830000000000000_MAT_2001 |7 0 |8 A |9 387106 |a BIBHIS |b BIBHIS |d 2019-11-22 |i 4170474 |o 372.83 MAT 2001 |p 4170474 |r 2025-01-20 |w 2019-11-22 |y BK |k HIS | ||
| 952 | |0 0 |1 0 |4 0 |6 372_830000000000000_MAT_2001 |7 0 |8 A |9 387107 |a BIBHIS |b BIBHIS |d 2019-11-22 |i 4170482 |o 372.83 MAT 2001 |p 4170482 |r 2025-01-20 |w 2019-11-22 |y BK |k HIS | ||
| 952 | |0 0 |1 0 |4 0 |6 372_830000000000000_MAT_2001 |7 0 |8 A |9 387108 |a BIBHIS |b BIBHIS |d 2019-11-22 |i 4170490 |o 372.83 MAT 2001 |p 4170490 |r 2025-01-20 |w 2019-11-22 |y BK |k HIS | ||
| 952 | |0 0 |1 0 |4 0 |6 372_830000000000000_MAT_2001 |7 0 |8 A |9 387109 |a BIBHIS |b BIBHIS |d 2019-11-22 |i 4170504 |o 372.83 MAT 2001 |p 4170504 |r 2025-01-20 |w 2019-11-22 |y BK |k HIS | ||